<?xml version="1.0" encoding="UTF-8"?>
<marc:record xmlns:marc="http://www.loc.gov/MARC21/slim">
   <marc:leader>00000nam a2200000 a 4500</marc:leader>
   <marc:datafield ind1="1" ind2=" " tag="100">
      <marc:subfield code="a">Frisco, Scott</marc:subfield>
      <marc:subfield code="4">aut</marc:subfield>
      <marc:subfield code="e">Verfasser/-in</marc:subfield>
   </marc:datafield>
   <marc:datafield ind1="1" ind2=" " tag="100">
      <marc:subfield code="a">Strumpf, Steven</marc:subfield>
      <marc:subfield code="4">aut</marc:subfield>
      <marc:subfield code="e">Verfasser/-in</marc:subfield>
   </marc:datafield>
   <marc:datafield ind1=" " ind2=" " tag="653">
      <marc:subfield code="a">dreidimensional</marc:subfield>
   </marc:datafield>
   <marc:datafield ind1=" " ind2=" " tag="653">
      <marc:subfield code="a">Stapeln</marc:subfield>
   </marc:datafield>
   <marc:datafield ind1=" " ind2=" " tag="653">
      <marc:subfield code="a">Superheld</marc:subfield>
   </marc:datafield>
   <marc:datafield ind1=" " ind2=" " tag="653">
      <marc:subfield code="a">2 + mehr Spieler</marc:subfield>
   </marc:datafield>
   <marc:datafield ind1=" " ind2=" " tag="653">
      <marc:subfield code="a">bis 4 Spieler</marc:subfield>
   </marc:datafield>
   <marc:datafield ind1="0" ind2="0" tag="245">
      <marc:subfield code="a">Rhino Hero</marc:subfield>
   </marc:datafield>
   <marc:datafield ind1="0" ind2="0" tag="245">
      <marc:subfield code="b">Super Battle</marc:subfield>
   </marc:datafield>
   <marc:datafield ind1="0" ind2="0" tag="245">
      <marc:subfield code="c">Frisco, Scott</marc:subfield>
   </marc:datafield>
   <marc:datafield ind1=" " ind2="1" tag="264">
      <marc:subfield code="a">Bad Rodach</marc:subfield>
      <marc:subfield code="b">Haba Sales GmbH &amp; Co. KG</marc:subfield>
      <marc:subfield code="c">2017</marc:subfield>
   </marc:datafield>
   <marc:datafield ind1="1" ind2=" " tag="520">
      <marc:subfield code="a">Mit diesem Geschicklichkeitspiel können kleine Superhelden auf ihrem selbstgebauten Wolkenkratzer turbulente Abenteuer erleben&#xD;
Gemeinsam mit Rhino Hero und anderen Action-Helden versuchen die Kinder, den Turm immer höher zu stapeln – mit ein wenig Glück beim Würfeln, kommt der eigene Superheld dabei ganz hoch hinaus&#xD;
Ziel ist es, alle Zwischenböden geschickt zu verbauen. Aber Vorsicht! Die Spider Monkeys können den Turm ganz schön ins Wanken bringen&#xD;
Treffen zwei Superhelden aufeinander, wird in einem Super-Battel gewürfelt. Wer am Ende des Spiels die Himmelsstürmer-Medaille hat, gewinnt&#xD;
Das Spiel zum Bestseller Rhino-Dino fördert die Konzentration und Geschicklichkeit und wird von der Jury von "Spiel des Jahres" empfohlen</marc:subfield>
   </marc:datafield>
   <marc:datafield ind1="1" ind2=" " tag="521">
      <marc:subfield code="a">ab 5 Jahre</marc:subfield>
   </marc:datafield>
   <marc:datafield ind1=" " ind2=" " tag="300">
      <marc:subfield code="a">10 - 15 Min.</marc:subfield>
   </marc:datafield>
</marc:record>
